Llwytho...
HANDBOOK OF The international phonetic Association /
| Iaith: | Undetermined |
|---|---|
| Cyhoeddwyd: |
U. K. :
Cambridge University Press ,
1999.
|
| Pynciau: |
| LEADER | 00477nam a2200145Ia 4500 | ||
|---|---|---|---|
| 001 | 134615 | ||
| 008 | 170722s9999 xx 000 0 und d | ||
| 245 | |a HANDBOOK OF The international phonetic Association / | ||
| 260 | |a U. K. : |b Cambridge University Press , |c 1999. | ||
| 300 | |a viii+204 | ||
| 653 | |a Linguistics | ||
| 653 | |a Phonetics | ||
| 942 | |c GEN | ||
| 999 | |c 119446 |d 119446 | ||
| 952 | |0 0 |1 0 |4 0 |6 P_11GI_N9 |7 0 |9 168980 |a LIB |b LIB |d 2017-08-12 |o P:1;1,g,I N9 |p 234635 |r 2017-08-12 |w 2017-08-12 |y GEN | ||